|
|
|
|
| LEADER |
00970naa a2200229 i 4500 |
| 001 |
acta84293 |
| 005 |
20240322125854.0 |
| 008 |
240322s2017 hu o 1|| eng d |
| 020 |
|
|
|a 978-963-306-530-3
|
| 040 |
|
|
|a SZTE Egyetemi Kiadványok Repozitórium
|b hun
|
| 041 |
|
|
|a eng
|
| 100 |
1 |
|
|a Bodnár Károly
|
| 245 |
1 |
0 |
|a Buffalo milk production
|h [elektronikus dokumentum] :
|b [abstract] /
|c Bodnár Károly
|
| 260 |
|
|
|a University of Szeged Faculty of Agriculture
|b Hódmezővásárhely
|c 2017
|
| 300 |
|
|
|a 27
|
| 490 |
0 |
|
|a Wellmann International Scientific Conference
|v 15
|
| 650 |
|
4 |
|a Mezőgazdaság-tudományok
|
| 650 |
|
4 |
|a Állattenyésztési és tejtermelési tudomány
|
| 695 |
|
|
|a Tejtermelés - bivalytartás - előadáskivonat
|
| 700 |
0 |
1 |
|a Könyves Tibor
|e aut
|
| 711 |
|
|
|a 15th Wellmann International Scientific Conference
|c Hódmezővásárhely
|d 2017. május 3.
|
| 856 |
4 |
0 |
|u http://acta.bibl.u-szeged.hu/84293/1/wellmann_abstracts_2017_027.pdf
|z Dokumentum-elérés
|